Chad : Staff Report for the 2013 Article IV Consultation and Assessment of Performance Under the Staff-Monitored Program.

The staff report for the 2013 Article IV Consultation on Chad focuses on economic background and policy. The country continues to enjoy its longest period of domestic political stability since independence. Macroeconomic performance continued to be stable in 2013, with some deceleration in economic...

Deskribapen osoa

Xehetasun bibliografikoak
Erakunde egilea: International Monetary Fund. African Dept
Formatua: Aldizkaria
Hizkuntza:English
Argitaratua: Washington, D.C. : International Monetary Fund, 2014.
Saila:IMF Staff Country Reports; Country Report ; No. 2014/100
Sarrera elektronikoa:Full text available on IMF
LEADER 01712cas a2200241 a 4500
001 AALejournalIMF014348
008 230101c9999 xx r poo 0 0eng d
020 |c 5.00 USD 
020 |z 9781475528237 
022 |a 1934-7685 
040 |a BD-DhAAL  |c BD-DhAAL 
110 2 |a International Monetary Fund.  |b African Dept. 
245 1 0 |a Chad :   |b Staff Report for the 2013 Article IV Consultation and Assessment of Performance Under the Staff-Monitored Program. 
264 1 |a Washington, D.C. :  |b International Monetary Fund,  |c 2014. 
300 |a 1 online resource (93 pages) 
490 1 |a IMF Staff Country Reports 
500 |a <strong>Off-Campus Access:</strong> No User ID or Password Required 
500 |a <strong>On-Campus Access:</strong> No User ID or Password Required 
506 |a Electronic access restricted to authorized BRAC University faculty, staff and students 
520 3 |a The staff report for the 2013 Article IV Consultation on Chad focuses on economic background and policy. The country continues to enjoy its longest period of domestic political stability since independence. Macroeconomic performance continued to be stable in 2013, with some deceleration in economic growth and inflation. Recently revised balance-of-payments data show that Chad has been running much larger external current account deficits. Chad's ability to tackle its developmental needs and poverty reduction objectives is seriously hampered by the projected oil revenue trajectory. 
538 |a Mode of access: Internet 
830 0 |a IMF Staff Country Reports; Country Report ;  |v No. 2014/100 
856 4 0 |z Full text available on IMF  |u http://elibrary.imf.org/view/journals/002/2014/100/002.2014.issue-100-en.xml  |z IMF e-Library